000 00878nam a2200289 a 4500
003 OSt
005 20131016175618.0
008 131016s2004 ag ||||| |||| 00| 0 spa d
040 _cBiblioteca Medicina
041 _aspa
082 _bCONGRESOS 055
100 1 _aAdaro, Jorge
_92707
245 0 0 _aSeminario III: Gestion de Contratos en Salud. Mesa debate
250 _a1ยบ ed
260 _aBuenos Aires
_bCentro de Estudios de Estado y Sociedad
_c2004
300 _a19 p.
440 0 _aSeminarios Salud y Politica Publica
_92706
600 _92708
600 _92709
653 _aCONTRATO EN SALUD-GESTION
653 _aSALUD-RRHH
700 1 _aLantos, Jorge
_92708
700 1 _aRozenblat, Enrique
_92709
856 _awww.cedes.org
942 _2ddc
_cPH
952 _40
_00
_bBFM
_10
_oCONGRESOS 055
_d2013-10-16
_tEj. 1
_8NFIC
_70
_cCR
_2ddc
_yPH
_aBFM
999 _c1804
_d1804